[Event "Olympiad-36"]
[Site "Mallorca"]
[Date "2004.10.26"]
[Round "11"]
[White "Ivanchuk, Vassily"]
[Black "Dominguez Perez, Leinier"]
[Result "1-0"]
[WhiteElo "2705"]
[BlackElo "2645"]
[Annotator "Psakhis,L"]
[PlyCount "85"]
[EventDate "2004.10.15"]
[EventType "team-swiss"]
[EventRounds "14"]
[EventCountry "ESP"]
[SourceTitle "CBM 104"]
[Source "ChessBase"]
[SourceDate "2005.01.27"]
[SourceVersion "1"]
[SourceVersionDate "2005.01.27"]
[SourceQuality "1"]
[WhiteTeam "Ukraine"]
[BlackTeam "Cuba"]
[WhiteTeamCountry "UKR"]
[BlackTeamCountry "CUB"]

1. e4 c5 2. Nf3 d6 3. Bb5+ Bd7 4. Bxd7+ Qxd7 5. c4 Nf6 6. Nc3 g6 7. d4 cxd4 8.
Nxd4 Bg7 9. f3 O-O 10. Be3 (10. O-O {preparing Nde2 and Bg5 was more
fashionable some years ago, but the highly surprising counter-attack} Rc8 11.
b3 d5 $3 {, introduced by Ivanchuk himself in 2003, allows Black to equalise.})
10... Nc6 11. O-O e6 ({I would preffer} 11... Rfc8 12. b3 Qd8 {transposing Q
to the queenside and it is not easy for White to get any advantage, for
example:} 13. Qd2 Nd7 (13... Qa5 14. Rfd1 a6 15. a4 $146 (15. Rac1 b5 16. Nxc6
Rxc6 17. Nd5 Qxd2 18. Rxd2 Nxd5 19. exd5 Rc7 20. Rdc2 Rac8 21. c5 dxc5 22. Rxc5
Rxc5 23. Rxc5 Rxc5 24. Bxc5 Kf8 25. Kf2 Ke8 26. Ke3 Kd7 27. g4 e6 $11) 15...
Nd7 16. Nde2 Re8 17. Rab1 Rac8 {1/2-1/2 Sadvakasov,D-Gelfand,B/Astana 2001/
ChessBase}) 14. Rac1 Nxd4 15. Bxd4 Bxd4+ 16. Qxd4 Qb6 17. Qxb6 Nxb6 18. Rfd1 f6
19. Nd5 Kf7 20. Nxb6 axb6 21. a4 g5 22. Kf2 Rc5 23. Rd5 Ke6 24. Ke3 Rg8 25. g3
h5 $11 {1/2-1/2 Anand,V-Nielsen,P/Wch Moscow 2001/ (29)}) (11... a6 {(/\ 12...
Nxd4 13.Bxd4 b5)} 12. a4 {and only now} e6 $1 13. Rc1 Ne5 14. b3 d5 15. cxd5
exd5 16. Nxd5 Nxd5 17. exd5 Rfe8 18. Bf2 Qxd5 19. Qc2 Ng4 20. fxg4 Bxd4 21. Qc4
Bxf2+ 22. Rxf2 Qxc4 23. Rxc4 Re7 24. h4 {1/2-1/2 Akopian,V-Kasparov,G/Bled
Olympiad 2002/ChessBase}) 12. Qd2 (12. Rc1 Rac8 13. Ndb5 $5 Rfd8 14. f4 (14.
Bf4 $5) 14... a6 15. Na3 Qe7 16. Bb6 Re8 17. Kh1 Nd7 18. Bg1 Nc5 19. Nab1 $1 b5
$1 {was double-edged in A.Vajda-Golubev, Bucharest 2003}) 12... a6 (12... Ne5
13. b3 d5 14. exd5 exd5 15. c5 $14 {Benjamin-I.Gurevich, New York 1991}) 13.
Nxc6 {This move appears to be a novelty, and therefore may have theoretical
value.  Ftacnik: 'Ivanchuk is trying to win against the gifted Cuban player
with the help of an original approach to the problems of the position. Black
has an uneasy task to find the best approach to the surprising novelty. '} (13.
Rfd1 Rfd8 (13... Nxd4 14. Bxd4 b5 15. c5 dxc5 16. Bxc5 Qxd2 17. Rxd2 Rfc8 18.
Be3 Nh5 19. Ne2 f5 20. exf5 exf5 21. Rad1 Re8 22. Kf2 Rac8 23. b3 Re6 24. Rd8+
Rxd8 25. Rxd8+ Kf7 26. Bc5 Nf6 27. Ra8 Nd7 28. Ra7 {Ostermeyer,P-Solomunovic,I/
Lindau Bodenseecup 2002/ 1-0 (57)}) 14. Rac1 Rab8 15. b3 Qe7 16. Kh1 Nxd4 17.
Bxd4 b5 18. cxb5 axb5 19. Qf2 Rdc8 $11 {Mieles Palau,D-Dominguez,L/Guayaquil 
(zt) 2003 0-1 (45)}) 13... Qxc6 (13... bxc6 14. Rad1 Rfd8 15. Bb6 Rdb8 16. Na4
Ne8 17. b3 $14) 14. Rac1 b5 ({Black could try} 14... Qxc4 $5 15. Nd5 {'!'
Ftacnik.} (15. Qxd6 Rfd8 16. Qg3 $11) 15... Qxa2 16. Ra1 Qb3 17. Ra3 Qb5 18.
Nc7 {and after} Qe5 (18... Qd7 19. Nxa8 Rxa8 20. Rc1 $14) 19. Nxa8 Rxa8 20. Rd3
$1 $14 {White can pretend just for a small advantage.}) 15. Rfd1 {White is
increasing pressure over the main target - Black's d6-pawn} (15. cxb5 axb5 16.
a3 $5 (16. Nd5 Qb7 {is OK for Black} 17. Rc7 Qa6 18. Ne7+ Kh8 19. a3 $14))
15... Rfd8 ({White's chances are preferable in the case of} 15... bxc4 16. Qxd6
Qxd6 17. Rxd6 Rfd8 18. Rcd1 (18. Rxd8+ Rxd8 19. Ne2 Nd7 20. Rxc4 Bxb2 21. Rc6
$36) (18. Rc6 Rdc8 (18... Rd3 19. Re1 {[%csl Rc4]}) 19. Rxc8+ Rxc8 20. Rd1 {
'+/=' Ftacnik.}) 18... Rxd6 19. Rxd6 Kf8 (19... Ne8 20. Rc6 Rb8 21. Na4 $16)
20. Na4 $16 {[%csl Ra6,Rc4]} (20. Rc6 Rb8 {.})) (15... Ne8 {[%csl Rf8]} 16.
cxb5 axb5 17. a3 {[%csl Gb5,Rd6][%cal Gc3d5]}) 16. e5 {'!' Ftacnik. Ftacnik:
'Yet another severe blow in the moment, when all White pieces are already
prepared for the start of the action.'} Ne8 (16... Nd7 17. Bg5 $36 (17. cxb5
axb5 18. exd6 $16)) (16... dxe5 $2 17. Qxd8+ Rxd8 18. Rxd8+ Bf8 (18... Ne8 19.
cxb5 axb5 20. Ne2 $18) 19. cxb5 axb5 20. Ne4 $18) 17. cxb5 axb5 18. Ne4 $1 Qd5
(18... Qd7 $5 19. Bg5 $5 (19. exd6 f5 (19... Rxa2 20. Bb6 Rb8 (20... Rxb2 21.
Qa5 $18) 21. Rc7 $1 $16) 20. Nc5 Qxd6 21. Qe2 Qe5 $11) 19... Qa7+ 20. Kh1 Rd7
21. Nc5 Rc7 22. exd6 Nxd6 (22... Rxc5 23. Rxc5 Qxc5 24. d7 $16) 23. Qxd6 (23.
Be3 Nc4 24. Rxc4 bxc4 25. Nxe6 Rd7 $1 26. Qxd7 Qxd7 27. Rxd7 fxe6 $11) 23...
Bf8 24. Qd3 Bxc5 25. Qxb5 $14) 19. exd6 f5 (19... Rxa2 $2 {looks too dangerous
for Black, for example} 20. Bg5 f6 (20... Qxd2 21. Rxd2 f6 22. d7 fxg5 23. Rc8
Ra8 24. Rxa8 Rxa8 25. d8=Q Rxd8 26. Rxd8 $18) 21. Qe3 Qb7 (21... Qe5 22. Nxf6+
$1 Bxf6 23. Qxe5 Bxe5 24. Bxd8) 22. Qb3 $18) (19... Qxd2 20. Rxd2 f5 (20...
Rxa2 21. d7 $18) 21. d7 fxe4 22. Bb6 {'!' Ftacnik.} Rdb8 23. d8=Q Rxd8 24. Rxd8
$16) 20. Qf2 (20. Qb4 {could be interesting alternative to the text and after
almost forced line -} Qxa2 (20... Qe5 21. d7 $1) 21. Nc3 $1 Qc4 (21... Bxc3 $5
22. Rxc3 Qa4 23. Qxa4 bxa4 24. Bf4 $16) 22. Qxb5 Qxb5 23. Nxb5 Bxb2 24. Rc6 (
24. d7 Bxc1 25. dxe8=Q+ Rxe8 26. Rxc1 $36) 24... Rd7 $14 {White keeps small
advantage}) (20. Qe1 Qe5 21. Bd4 Qxd4+ 22. Rxd4 Bxd4+ 23. Kf1 e5 $16) 20...
Qxa2 21. d7 $1 (21. Nc3 Bxc3 22. Rxc3 Nxd6 $15) 21... fxe4 22. Bb6 {'!'
Ftacnik.} Rxd7 $6 {Ftacnik: 'Dominguez had to choose between this move and the
retreat of the rook to b8. White will prove with an excellent play that more
promising was probably the alternative to the text.'} ({Objectively, more
stubborn was} 22... Rdb8 $1 23. d8=Q (23. fxe4 $5 Qxb2 24. Qxb2 (24. Rc2 Qe5 (
24... Ra1 25. Qd2 Rxd1+ 26. Qxd1 Qb3 27. g3 $14) 25. Rcd2 Qxe4 26. d8=Q Rxd8
27. Rxd8 Rxd8 28. Rxd8 $14) 24... Bxb2 25. Rc6 (25. Rb1 Bf6 $11) 25... Bf6 26.
Rxe6 Kf7 $13) 23... Rxd8 24. Rxd8 Rxd8 25. Bxd8 Qxb2 (25... exf3 26. Qxf3 Qxb2)
26. Qxb2 Bxb2 27. Rb1 Bd4+ 28. Kf1 exf3 29. gxf3 Kf7 (29... Nd6 30. Bc7 Bc5 $14
) 30. Rxb5 Nd6 {and of course the endgame is in White's favour still, but
Black will have two active pieces and good chances for successful defence.})
23. Rxd7 Qxb2 (23... Bxb2 24. Rd2 $1 Qa1 25. Rf1 $18) 24. Qxb2 Bxb2 {[%mdl
4096]} 25. Rb1 Nf6 ({Worth considering} 25... Be5 $5 26. Rxb5 $140 Ra1+ 27. Kf2
Ra2+ 28. Ke3 Ra3+ $5 29. Kxe4 Nf6+ 30. Kxe5 Nxd7+ 31. Kxe6 Nxb6 32. Rxb6 Kg7
33. Rb7+ Kh6 34. h4 $16 {with interesting rook endgame.}) (25... Ra1 26. Rxa1
Bxa1 27. fxe4 $16) 26. Ra7 {'!' Ftacnik. Ftacnik: 'Very strong players show a
tendency towards correct decisions in the critical moments of the fight. '} ({
Much inferior was} 26. Rdd1 Bc3 27. Rxb5 exf3 28. gxf3 Nd5 $14) 26... Rxa7 (
26... Rb8 $5 27. Rxb2 Rxb6 28. Rc2 Rb8 29. Rcc7 (29. fxe4 $16) 29... exf3 30.
Rg7+ Kh8 31. Rgf7 $16) 27. Bxa7 Bc3 28. fxe4 (28. Rxb5 {'?!' Ftacnik.} exf3 29.
gxf3 {was possible, but Ivanchuk does not like to worsen the pawn structure.}
Nd5 $14) 28... b4 (28... Nxe4 29. Rxb5) 29. Bc5 {'!' Ftacnik.} (29. Kf2 Nxe4+
30. Ke3 {hardly would give winning chances to White.}) 29... Nxe4 {White is an
exchange up. However, it is not that easy to convert it owing to Black's solid
position.} 30. Bxb4 Bd4+ $6 {And no matter how long the rest seems, the game
was virtually decided here. Ftacnik: 'The last really interesting moment of
the game. Black seems to win material with the help of Nd2. Ivanchuk has
calculated exactly, that the Knight would never get out of the square b1.'} ({
It looks that Domingues had to try} 30... Nd2 $1 31. Bxc3 $1 Nxb1 32. Bb4 {
'!' Ftacnik. The Black's Knight is trapped, but the position is not so simple -
} Kf7 33. Kf2 e5 (33... Kf6 34. Ke3 Ke5 35. Kd3 Kd5 {36.Be7! or} 36. Bf8 $1 {
followed by 37.Kc2}) 34. Ke3 Ke6 35. Kd3 Kd5 36. Be7 (36. Kc2 $2 Kc4 $11) (36.
Bf8) 36... e4+ 37. Kc2 Kd4 (37... e3 38. Kxb1 $18) 38. Kxb1 Kd3 {with good
chances for a draw.}) 31. Kf1 Kf7 32. Rc1 Kf6 33. Ke2 Be5 (33... e5 $5) (33...
h5 $2 34. Kd3) 34. Rf1+ Kg5 (34... Kg7 35. Bf8+ $1 Kg8 36. Bh6 (36. Kd3 Ng5 37.
Bh6 Nf7) 36... Bd6 37. Kf3 Nf6 38. Ra1 {with big chances for victory}) 35. Kd3
(35. Be7+ $5 Kg4 36. Kd3) 35... Nd6 $5 (35... Bd6 36. Bxd6 Nxd6 37. Kd4 $18)
36. h3 Nf5 $6 ({The lesser evil for White was} 36... h5 $142 $5) 37. Bd2+ $1
Kh4 38. Re1 Bb8 (38... Bg7 39. Rxe6 Kg3 40. Re2 Nd4 41. Be1+ Kh2 42. Ra2 $18)
39. Rxe6 Kg3 40. Re2 Ng7 {[%csl Rg7]} 41. Be1+ Kh2 42. g4+ $1 Kxh3 43. Re7 {
[%csl Rg7] Black knight is lost and Dominguez decided to stop resistance.} 1-0

[Event "BCF-ch 89th"]
[Site "Torquay"]
[Date "2002.07.31"]
[Round "3"]
[White "Ramesh, Ramachandran B"]
[Black "Ward, Christopher"]
[Result "1/2-1/2"]
[WhiteElo "2456"]
[BlackElo "2498"]
[Annotator "Psakhis,L"]
[PlyCount "72"]
[EventDate "2002.07.29"]
[EventType "swiss"]
[EventRounds "11"]
[EventCountry "ENG"]
[SourceTitle "CBM 091"]
[Source "ChessBase"]
[SourceDate "2002.11.12"]
[SourceVersion "1"]
[SourceVersionDate "2002.11.12"]
[SourceQuality "1"]

1. e4 c5 2. Nf3 d6 3. Bb5+ Bd7 4. Bxd7+ Qxd7 5. c4 Nc6 (5... e5 6. Nc3 g6 7.
O-O Bg7 8. Rb1 Nc6 9. d3 Nge7 10. Bd2 O-O 11. Nd5 Nxd5 12. cxd5 Nd4 13. b4 f5
14. bxc5 dxc5 15. Nxd4 exd4 16. Qb3 b6 17. f4 fxe4 18. dxe4 Rac8 $132 {1/2-1/2
Shaked,T-Kaidanov,G/USA (ch) 1996/Inf 67 (29)}) 6. Nc3 e5 7. d3 g6 8. O-O f5 $5
{This is a highly ambitious attempt to avoid the slightly dull drudgery of
defending the main lines} (8... Bg7 9. Nd5 Nge7 10. Rb1) 9. exf5 gxf5 10. Nh4
$146 {This is a new try, but as this game shows, Black has nothing to fear here
} ({Worth considering} 10. Ng5 O-O-O 11. Nd5 h6 12. Qh5 $36) 10... O-O-O 11.
Qh5 f4 12. Nd5 ({I think that just after} 12. Ne4 $5 {Ramesh could pretend for
advantage.}) 12... Nge7 13. Nxe7+ Bxe7 14. Nf3 Rdg8 {[%cal Gg8g2]} 15. Bd2 Rg6
{Black got quite dangerouse attack on the kingside, but Ramesh didn't lose
head and managed to organize tough defense.} 16. Bc3 Rhg8 17. g3 Bg5 ({
Deserves attention} 17... Bf8 18. Nd2 Rh6 19. Qf3 Qh3 20. Qg2 Qh5) 18. Nd2 fxg3
19. fxg3 (19. hxg3 $6 Bxd2 20. Bxd2 Qf7 $40 {just could help black to create
threats against white king.}) 19... Be3+ 20. Kg2 Bxd2 ({or} 20... d5 21. cxd5
Qxd5+ 22. Qf3 $11) 21. Bxd2 Nd4 22. Qh3 Rg4 ({Surely, that Black must avoid
queen exchange-} 22... Qxh3+ 23. Kxh3 $14 {leads to white's advantage in
ending.}) 23. Rae1 Qc6+ 24. Re4 h5 (24... Kb8 $2 25. Qxh7) 25. Kg1 Kb8 26. Qg2
(26. Qxh5 Rxe4 27. dxe4 Qxe4 $17 {[%csl Gd4,Ge4]}) 26... Qa4 {Looks natural,
but maybe this move is a step to the wrong direction,} ({it looks that after} 
26... Rxe4 $5 27. Qxe4 (27. dxe4 h4 28. g4 $140 h3 $1) 27... Qxe4 28. dxe4 Rg4
{just Black can pretend for advantage.}) 27. Be3 Qxa2 28. Rxg4 hxg4 29. Bxd4
cxd4 30. Qd5 {[%csl Gd5] White improved queen's position and got enough
compensation for the pawn.} Rd8 $8 31. b4 (31. Rf7 $2 Qb1+ 32. Kg2 Qxb2+) 31...
Qd2 (31... Qe2 32. Rf8) 32. Rf8 $1 $11 {Last good move, now Black must force
draw.} Qe1+ 33. Kg2 Qe2+ 34. Kg1 Qe1+ 35. Kg2 Qe2+ 36. Kg1 Qe1+ 1/2-1/2

[Event "Yongchuan zt 3.3"]
[Site "Yongchuan"]
[Date "2003.07.18"]
[Round "7"]
[White "Ni, Hua"]
[Black "Zhao, Jun"]
[Result "1-0"]
[WhiteElo "2533"]
[BlackElo "2447"]
[Annotator "Psakhis,L"]
[PlyCount "43"]
[EventDate "2003.07.11"]
[EventType "tourn"]
[EventRounds "11"]
[EventCountry "CHN"]
[EventCategory "12"]
[SourceTitle "CBM 097"]
[Source "ChessBase"]
[SourceDate "2003.11.11"]
[SourceVersion "1"]
[SourceVersionDate "2003.11.11"]
[SourceQuality "1"]

1. e4 c5 2. Nf3 d6 3. Bb5+ Bd7 4. Bxd7+ Qxd7 5. O-O Nc6 6. Re1 Nf6 7. b3 e6 ({
Strong players use more often move} 7... g6 $5 {and after, for example:} 8. c3
Bg7 9. d4 cxd4 10. cxd4 d5 11. e5 Ne4 12. Bb2 O-O 13. Nbd2 Nxd2 14. Qxd2 Rfc8
15. h3 Nd8 $1 16. Rac1 Ne6 17. Ba3 Bf8 18. Nh2 Rxc1 19. Rxc1 a5 $11 {1/2-1/2
Adams,M-Anand,V/Dortmund GM 2001/ (23) Black easy equalized chances.}) 8. c4 (
8. Bb2 Be7 9. e5 (9. d3 O-O 10. Nbd2 d5 11. exd5 Nxd5 12. Ne4 Rad8 13. Qd2 Rfe8
14. Rad1 Qc7 15. c4 Nf4 16. Qe3 b6 17. g3 Ng6 18. d4 cxd4 19. Nxd4 Bb4 $13 {
1/2-1/2 Kornev,A-Areshchenko,A/St Petersburg Petrov mem 2002/}) 9... dxe5 10.
Nxe5 Nxe5 11. Bxe5 O-O 12. Nc3 Rfd8 13. d3 Nd5 14. Qg4 f6 15. Nxd5 exd5 16.
Qxd7 Rxd7 17. Bf4 Kf7 18. Kf1 Rc8 $11 {Zavgorodniy,S-Karjakin,S/Alushta-100
2002//1/2-1/2 (39)}) 8... Be7 $146 (8... e5 $5 9. d3 g6 10. Nc3 Bg7 11. a3 O-O
12. Rb1 Nh5 13. b4 f5 $132 {0-1 Johannessen,S-Lie,K/NOR-ch Asker 2000/The Week
in Chess 297 (22)}) 9. Nc3 Ng4 ({Worth considering} 9... Ne5 $5 {with possible
continuation} 10. d4 $140 Nxf3+ 11. gxf3 O-O-O 12. Be3 Rhg8 $5 {[%cal Gg7g4]})
10. d4 Bf6 (10... cxd4 11. Nxd4 Nxd4 12. Qxd4 Bf6 13. Qd2 $36 {[%csl Rd6]}) 11.
e5 $6 {Beggining of complicated and unclear complications.} ({Worth
considering quiet} 11. h3 $1 cxd4 12. Nd5 $1 exd5 13. exd5+ Nge5 14. dxc6 bxc6
15. Nxd4 $14 {with small, but stable advantage.}) 11... dxe5 12. d5 $5 {
A logical play - White is trying to break before Black completes his
development.} e4 $1 {[%mdl 2112] Zhao Jun has chosen the course of principle!}
({He could play also} 12... exd5 $5 13. cxd5 O-O-O $1 {for example:} 14. dxc6
Qxd1 15. Nxd1 e4 16. Ng5 Bxa1 17. Nxf7 Rhf8 18. Nxd8 Rxd8 19. cxb7+ Kxb7 $13)
13. Nxe4 (13. dxc6 $2 Qxd1 $19) 13... Bxa1 (13... O-O-O 14. Bf4 $1) 14. Nxc5 (
14. Bf4 Be5) 14... Qd8 $2 {Inaccuracy!} ({It is interesting what White would
do after correct move} 14... Qc7 $1 {at least, I didn,t found how he can keep
even equal chances, for example} 15. Bf4 (15. dxc6 Qxc6 16. Ne4 Rd8 $17) 15...
Qxf4 16. dxc6 Bd4 $5 17. Qxd4 Qxd4 18. Nxd4 bxc6 $17) 15. Nxb7 Qb6 {[%cal
Gb6f2]} 16. Nd6+ Kf8 (16... Ke7 $2 17. dxc6 $1 Qxf2+ 18. Kh1 $18) 17. Ne4 ({
Good substitute to the move in the game could be brave} 17. dxc6 {and after
possible} Nxf2 (17... Qxf2+ 18. Kh1 Qxa2 19. Re2 Nf2+ 20. Rxf2 Qxf2 21. c7 $1 {
[%csl Gc7]}) 18. Qe2 Ng4+ 19. Be3 Nxe3 20. Qxe3 Qxe3+ 21. Rxe3 Ke7 22. c5 $36 {
[%csl Gc5,Gc6,Gd6] White has edge.}) 17... exd5 ({It is not easy correctly
evaluate posiation and after} 17... Ne7 $5 18. Ba3 Bf6 19. Bc5 Qd8 20. Nfg5 $5
$132) 18. cxd5 Nb4 (18... Rd8 19. Ba3+ Kg8 20. Qxa1 Rxd5 21. Qc3 $40 {[%cal
Gc3c4]}) 19. Bf4 ({In the case of} 19. Ba3 Bf6 20. h3 Nxf2 (20... Ne5 21. Nxf6
gxf6 22. Qd2 {[%cal Gd2h6,Gd2b4]} Nxf3+ 23. gxf3 Rg8+ 24. Kh1 Rg6 25. Bxb4+ $36
) 21. Bxb4+ (21. Nxf2 a5) 21... Qxb4 22. Kxf2 $132 {white also has enough
compensation for small material deficit.}) (19. Nfg5 f5 $5) 19... Nf6 $2 {
Black did not bear the pressure of the struggle.} (19... f5 $142 $1 20. Bd6+
Kg8 21. Bc5 Qg6 22. Nd6 Bc3 23. Re6 Qh5 24. Qe2 $132) 20. Qxa1 Nc2 $2 {[%mdl
8192] This attempt meets the tactical refutation.} (20... Nxe4 $142 21. Rxe4
Nxd5 22. Qe5 $1 $40) (20... Nbxd5 21. Nxf6 Nxf6 22. Be3 $36) 21. Nxf6 $1 Rd8 ({
There wasn't a rescue in} 21... Nxa1 22. Nd7+ Kg8 23. Nxb6 axb6 24. Rxa1 $18) (
{or} 21... Qxf6 22. Qxf6 gxf6 23. Bh6+ Kg8 24. Re2 Nb4 (24... Rc8 25. d6 $1)
25. Re4 $18 {[%cal Re4b4,Re4g4]}) 22. Ne5 $1 (22. Ne5 Qxf6 (22... gxf6 23. Nd7+
Kg7 24. Qc3 $18) 23. Nd7+ $1 Rxd7 24. Qxf6 Nxe1 25. Qc6 $18) 1-0

[Event "Yongchuan zt 3.3"]
[Site "Yongchuan"]
[Date "2003.07.18"]
[Round "7"]
[White "Ye, Jiangchuan"]
[Black "Wang, Zili"]
[Result "1/2-1/2"]
[WhiteElo "2683"]
[BlackElo "2542"]
[Annotator "Psakhis,L"]
[PlyCount "89"]
[EventDate "2003.07.11"]
[EventType "tourn"]
[EventRounds "11"]
[EventCountry "CHN"]
[EventCategory "12"]
[SourceTitle "CBM 097"]
[Source "ChessBase"]
[SourceDate "2003.11.11"]
[SourceVersion "1"]
[SourceVersionDate "2003.11.11"]
[SourceQuality "1"]

1. e4 c5 2. Nf3 d6 3. Bb5+ Bd7 4. Bxd7+ Qxd7 5. c4 Nf6 6. Nc3 Nc6 7. d4 cxd4 8.
Nxd4 e6 9. O-O Be7 10. b3 O-O 11. Bb2 Rfd8 {As a result of opening, Black got
little bit passive, but but solid and stable position.} 12. Re1 Rac8 13. Qd3 (
13. h3 a6 14. Nf3 Ne5 15. a4 Qc7 16. Re3 Nfd7 17. Ne2 Nxf3+ 18. Rxf3 Ne5 19.
Re3 Bf6 $11 {Moskovets,K-Tukhaev,A/UKR-ch Alushta 2002/0-1 (59)}) 13... a6 (
13... b6 $5 {[%cal Gd7b7]}) 14. Nxc6 $146 (14. Rad1 Nxd4 15. Qxd4 b5 16. e5
dxe5 17. Qb6 Qe8 18. Rxd8 Qxd8 19. Qxa6 bxc4 20. Rd1 Qe8 21. bxc4 Qc6 $11 {
1/2-1/2 Bricard,E-Alvarez,R/Cannes op 1992 (34)}) 14... Qxc6 15. Rad1 Ne8 $5 {
[%cal Ge7f6] Typical manoeuvre - knight pretects weak pawn on d6, and bishop
is going to f6.} 16. Ne2 $1 {[%cal Ge2g3,Gg3h5] Knight is running to the
kingside, but this logical move has and drawback - it is easy for black to
organize counter play on opposite side of the board.} b5 (16... Bf6 17. Nd4 Qc5
18. a4 $5) 17. Nd4 (17. cxb5 Qxb5 $11) 17... Qa8 18. cxb5 axb5 19. Nxb5 Qxa2 (
19... d5 $5 20. Nc3) 20. Ba3 $1 {[%cal Ge4e5]} Qc2 ({It is not easy to assess
positions arising after} 20... Rc2 $5 21. Ra1 Rd2 $1) 21. Qe3 Rb8 $8 22. Rc1
Qxc1 ({Worth considering} 22... Qa2 $5 23. Ra1 (23. Re2 Bg5 $1 24. Qd3 Qxa3 25.
Nxa3 Bxc1) 23... Qxa1 24. Rxa1 Rxb5 $14) 23. Rxc1 Rxb5 24. Qd3 {Ye strives
very hard, but black position is still hard nut to crack.} Rb6 (24... Rdb8 25.
Rc8 $1 $16) 25. g3 Ra8 26. e5 $5 ({It is possible that placid} 26. b4 $5 $14 {
is stronger than move in the game}) 26... Rxa3 27. Rc8 Raxb3 28. Rxe8+ Bf8 29.
Qc2 {[%cal Gc2c8]} Rb8 $8 30. Rxf8+ $1 {Despite the reduced material, White
can still generate dangerous threats.} (30. exd6 Rxe8 31. d7 Rd8 32. Qxb3 Rxd7
$11) 30... Kxf8 31. exd6 R3b7 32. Qxh7 {White still has a slight advantage,
but Wang Zili manages to defend this position with confidence.} f5 $5 33. h4 (
33. Qh5 Rb1+ 34. Kg2 R1b7 $1 $14 (34... R8b7 $2 {[%cal Gb7d7]} 35. Qh8+ Kf7 36.
Qc8 $18)) 33... Kf7 34. Qh5+ (34. h5 Kf6 35. g4 Ke5 $11) 34... g6 (34... Kf8
35. Qg6 Re8 36. h5 $36) 35. Qh6 Rg8 36. Qh7+ (36. h5 gxh5 37. Qh7+ Rg7 38.
Qxh5+ Kf6 $11) 36... Rg7 37. Qh8 Rg8 38. Qh7+ Rg7 39. Qh8 Rg8 40. Qe5 Rd7 $11 {
[%csl Rd6][%cal Gg8d8]} 41. g4 fxg4 42. Qf4+ Kg7 43. Qe5+ Kf7 44. Qf4+ Kg7 45.
Qe5+ 1/2-1/2